Normal view
MARC view
Entry Personal Name
001 - CONTROL NUMBER
- control field: 1236829
003 - CONTROL NUMBER IDENTIFIER
- control field: OSt
005 - DATE AND TIME OF LATEST TRANSACTION
- control field: 20260430150221.0
008 - FIXED-LENGTH DATA ELEMENTS
- fixed length control field: 260430|| aca||aabn | a|a d
040 ## - CATALOGING SOURCE
- Original cataloging agency: OSt
- Transcribing agency: OSt
100 ## - HEADING--PERSONAL NAME
- Personal name: University of Delhi. Faculty of Interdisciplinary & Applied Sciences. Depatment of Electronic Science
670 ## - SOURCE DATA FOUND
- Source citation: Work cat.: (OSt)1849241: Shereen Aslam Au.; khanna Manoj Kumar Gu.; Kuanr Bijoy Kumar Gu. 1236828, Growth and Characterization of One Dimensional magnetic nanowires For high frequency tunable microwave monolithic devices, 2021
